000 00408nam a2200157Ia 4500
005 20250329100022.0
008 231217s9999 xx 000 0 und d
020 _a9788131418239
082 _a346.02 PAD;1 R
100 _aPadmavathi, L ed.
245 0 _aE contracts : emerging dimensions
260 _c2007
_bIcfai
_aHyderabad
300 _aviii, 174
650 _acontracts,dimensions
942 _cAA
999 _c188645
_d188645